| 000 | 00831cam a22002533a 4500 | ||
|---|---|---|---|
| 001 | 24552 | ||
| 003 | PGUSA | ||
| 005 | 20140828083527.0 | ||
| 008 | 080208s2008||||xxu|||||s|||||000 | eng d | ||
| 040 |
_aPGUSA _beng |
||
| 042 | _adc | ||
| 050 | 4 | _aSB | |
| 245 | 1 | 0 |
_aNorthern Nut Growers Association, Report of the Proceedings at the Fourth Annual Meeting : _bWashington D.C. November 18 and 19, 1913 _h[electronic resource] |
| 260 |
_bProject Gutenberg, _c2008 |
||
| 506 | _aPublic domain in the USA. | ||
| 516 | _aElectronic text | ||
| 653 | _aNuts -- Periodicals | ||
| 653 | _aNorthern Nut Growers Association -- Periodicals | ||
| 653 | _aNut trees -- Periodicals | ||
| 700 | 1 | _aNorthern Nut Growers Association | |
| 830 | 0 |
_aProject Gutenberg _v24552 |
|
| 856 | 4 | 0 | _uhttp://www.gutenberg.org/ebooks/24552 |
| 942 | _cEB | ||
| 999 |
_c253807 _d253807 |
||